000 00408 a2200169 4500
001 68692
020 _a9788526271692
040 _cAnchieta - Itaigara
100 _aCapdevila, Carles
240 1 0 _aAs trigêmeas, as três gotas de água
_lpor
245 1 0 _aAs trigêmeas, as três gotas de água
300 _a40
362 0 _a2008
440 1 _aScipione
650 4 _aLiteratura infantil
942 _cBK
999 _c68692
_d68692